| 000 | 00601nam a22002057a 4500 | ||
|---|---|---|---|
| 003 | OSt | ||
| 005 | 20250826032201.0 | ||
| 008 | 250826b |||||||| |||| 00| 0 eng d | ||
| 020 | _a978-0-07-110211-7. | ||
| 040 |
_aDWC-Main Lib. _cOC |
||
| 082 | _22nd ed. | ||
| 100 | _aLOSOS, JONATHAN | ||
| 245 |
_aEssentials of the living world/ _cLOSOS, JONATHAN |
||
| 260 |
_aBoston : _bMcGraw-Hill, _cc2008. |
||
| 300 |
_axxx, (various paging) : _bcol. ill. ; _c28 cm. |
||
| 504 | _aIncludes index. | ||
| 650 | _aBiology. | ||
| 700 | _aJOHNSON, GEORGE B. | ||
| 942 |
_2ddc _cBK-CIRC _e2nd ed. _hCirc. _n0 |
||
| 999 |
_c4252 _d4252 |
||